000 05457cam a2200325 a 4500
003 EG-GiCUC
005 20250223032039.0
008 180906s2018 ua o f m 000 0 ara d
040 _aEG-GiCUC
_bara
_cEG-GiCUC
041 0 _aara
049 _aايداع
097 _aماجستير
099 _aCai01.02.02.M.A.2018.عب.أ
100 0 _aعبده إبراهيم عبدالجليل محمد
245 1 0 _aأ{uئإء٧}ط{uئإ٨إ}ر ا{uئإؤئ}{uئإأأ}{uئإإ٣}{uئإإ٠}{uئآئإ}{uئإ٨إ}ت ا{uئإؤئ}{uئإ٩ئ}{uئآئإ}و{uئإإ٣}ور{uئإؤ٣}و{uئإؤئ}و{uئإ٩ئ}{uئآئإ}{uئإ٩٤} ا{uئإؤئ}ر{uئإ٨آ}{uئآئإ}{uئإآ٣}{uئآئإ}{uئإ٩٤} فى وادى ا{uئإؤئ}{uئإإ٧}{uئآئإ}ل {uئإ٩١}{uئإ٨إ}{uئإؤئ}{uئإؤ٨}{uئإآ٣}م ا{uئإؤئ}{uئإ٩ئ}{uئإإ٧}وبى {uئإإ٣}ن {uئإإ٣}{uئإء٣}{uئإ٨إ}{uئإؤ٣}ظ{uئإ٩٤} ا{uئإؤئ}{uئإ٩ئ}{uئآئإ}زة /
_c{uFECB}{uFE92}{uFEAA}ه إ{uئإ٩١}{uئإءإ}اھ{ێښږښښ̆{ێښڙڙڿ ̆{ێښڙڗږ̆{ێښڙڍڿ̆{ێښڙڕڕا̆{uئإؤئ}{uئإء٠}{uئإإ٠}{uئآئئ}{uئإؤإ} {uئإإ٣}{uئإء٤}{uئإإ٤}{uئإءء} ؛ إشراف {uئإ٩ئ}{uئإإإ}دة {uئإؤ٣}{uئإ٩٨}حى ا{uئإؤئ}{uئإ٩٨}{uئإءإ}{uئإؤآ}{uئإإ٤}{uئإ٨إ}نى
246 1 5 _aHazards of major geomorphological processes In the nile valley In the southern part of Giza governorate
260 _aالقاهرة :
_b{uFECB}{uFE92}{uFEAA}ه إ{uئإ٩١}{uئإءإ}اھ{ێښږښښ̆{ێښڙڙڿ ̆{ێښڙڗږ̆{ێښڙڍڿ̆{ێښڙڕڕا̆{uئإؤئ}{uئإء٠}{uئإإ٠}{uئآئئ}{uئإؤإ} {uئإإ٣}{uئإء٤}{uئإإ٤}{uئإءء} :
_c2018
300 _a224 ص :
_bصور ؛
_c25سم
502 _aاطروحة (ماجستير) - جامعة القاهرة - كلية الآداب - قسم الجغرافيا
520 _aتقع منطقة الدراسة بالقسم الجنوبً بمحافظة الجيزة بيٌن دائرتى عرض 57 / 23, 29{u00B0} شمالا و 36/ .. , 30{u00B0} شمالا، و بيٌن خطًى طول 8 / 18,{u00B0}31 و 54 / {u00B0}31,8 شرقا: و تتكون الدراسة من ستة فصول تناول الفصل الأول الخصائص الطبٌعٌة للمنطقة و التًى اوضحت 93% من حجم مساحة المنطقة تتألف من الطمًى النٌيلًى، و أن أعلًى منسوب فًى المنطقة 60 متراً فوق سطح البحر و يميٌل من الجنوب إلًى الشمال و أنه ٌيتمٌيز بالإستواء: و ساهم المناخ فًى حدوث التجوٌية الملحٌية و زحف الرمال علًى الطرق و العمران و الاراضًى الزراعٌية و التكوٌينات الأثريٌة: و توجد كتلة سكانٌية كبيٌرة و شبكة عمران و طرق تتؤثر مباشرة بالاخطار التىً تتعرض لها المنطقة. و ظهر فى الفصل الثانى عن طرٌق التصوٌير الفوتوغرافًى و تحلٌيل المٌياة الجوفٌية وجود نسبة ملوحه و بالتالًى حدوث التملح عالٌية و أوضحت الدراسة تدهور البنٌية التحتٌية بالمنطقة مما أدى إلًى طفح مٌياه الصرف الصحًى بصفه شبه مستمرة و بخاصة فًى المناطق العشوائٌية بالمنطقة . إتضح من الفصل الثالث وجود الأخطار المرتبطة بزحف الرمال الذى تتعرض له المنطقه من خلال تحلٌيل عٌينات التربة و الذى أثر علًى الطرق و العمران و الترع و الأراضًى الزراعٌية. و تناول الفصل الرابع أخطار النحت بالضفاف و المجرى النهرى بنهر النٌيل و تم رصد مواضع للنحت و وجد أن معظمها بالضفاف الشرقٌية للمجرى النهرى قلٌيلة الخطورة ، بإستثناء موضع واحد فقط ٌيمتد ما بٌين منطقة الطرفاٌية و مزغونه و هو موضع شدٌيد التعرض لاخطار النحت. تناول الفصل الخامس أخطار الارساب بالمجرى النهرى و الضفاف و هو ٌتعرض فًى مواضع عدٌيدة لخطر الارساب . و فًى الفصل السادس تم تقوٌم الاخطار التًى تتعرض لها المنطقة بإستخدام خرائط و رسم قطاعات للمجرى النهرى و إتضح وجود الخطر و تم وضع طرق مواجهة هذه الاخطار الجٌيومورفولوجٌية أو تقليٌلها
530 _aصدر ايضا كقرص مدمج
653 4 _a{uFEE3}{uFEA3}{uFE8E}{uFED3}ظ{uئإ٩٤} ا{uئإؤئ}{uئإ٩ئ}{uئآئإ}زة
653 4 _aأ{uئإء٧}ط{uئإ٨إ}ر ا{uئإؤئ}{uئإأأ}{uئإإ٣}{uئإإ٠}{uئآئإ}{uئإ٨إ}ت ا{uئإؤئ}{uئإ٩ئ}{uئآئإ}و{uئإإ٣}ور{uئإؤ٣}و{uئإؤئ}و{uئإ٩ئ}{uئآئإ}{uئإ٩٤}
653 4 _aوادى ا{uئإؤئ}{uئإإ٧}{uئآئإ}ل
700 0 _a{uFE9F}{uFEEE}دة {uئإؤ٣}{uئإ٩٨}حى ا{uئإؤئ}{uئإ٩٨}{uئإءإ}{uئإؤآ}{uئإإ٤}{uئإ٨إ}نى :
_eمشرف
856 _uhttp://172.23.153.220/th.pdf
905 _aNazla
_eRevisor
905 _aSamia
_eCataloger
942 _2ddc
_cTH
999 _c67324
_d67324